000 00399nam a22001457a 4500
005 20200612132516.0
008 200612b xxu||||| |||| 00| 0 eng d
082 _a345.4 AIR
110 _aALL INDIA REPORTER,
_96029
245 _aALL INDIA REPORTER, [2004] [VOL-91] ALLAHABAD SECTION
260 _aMUMBAI
_bALL INDIA REPORTER, PVT, LTD.
300 _a544;p
650 _aLAW
_95701
942 _cJRL
999 _c7088
_d7086